Aspects of labour welfare and social security (Record no. 172989)
[ view plain ]
| 000 -LEADER | |
|---|---|
| fixed length control field | 00555nam a2200205Ia 4500 |
| 003 - CONTROL NUMBER IDENTIFIER | |
| control field | OSt |
| 005 - DATE AND TIME OF LATEST TRANSACTION | |
| control field | 20230605143304.0 |
| 008 - FIXED-LENGTH DATA ELEMENTS--GENERAL INFORMATION | |
| fixed length control field | 210423s2001 xx 000 0 und d |
| 040 ## - CATALOGING SOURCE | |
| Transcribing agency | AL |
| 041 ## - LANGUAGE CODE | |
| Language code of text/sound track or separate title | eng |
| 082 ## - DEWEY DECIMAL CLASSIFICATION NUMBER | |
| Classification number | 331 |
| Edition number | 23 |
| Item number | SARA |
| 100 ## - MAIN ENTRY--PERSONAL NAME | |
| Personal name | SARMA (A M) |
| 9 (RLIN) | 63198 |
| 245 ## - TITLE STATEMENT | |
| Title | Aspects of labour welfare and social security |
| 260 ## - PUBLICATION, DISTRIBUTION, ETC. | |
| Name of publisher, distributor, etc. | Himalaya Publishing House |
| Date of publication, distribution, etc. | 2001 |
| 365 ## - TRADE PRICE | |
| Price amount | 125 |
| Currency code | INR |
| 650 ## - SUBJECT ADDED ENTRY--TOPICAL TERM | |
| Topical term or geographic name entry element | Economics |
| 9 (RLIN) | 63199 |
| 650 ## - SUBJECT ADDED ENTRY--TOPICAL TERM | |
| Topical term or geographic name entry element | Labour Economics |
| 9 (RLIN) | 63200 |
| 906 ## - LOCAL DATA ELEMENT F, LDF (RLIN) | |
| a | Aspects ; labour ; security ; social ; welfare |
| 942 ## - ADDED ENTRY ELEMENTS (KOHA) | |
| Source of classification or shelving scheme | Dewey Decimal Classification |
| Koha item type | Book |
| Withdrawn status | Lost status | Damaged status | Not for loan | Collection code | Home library | Current library | Date acquired | Source of acquisition | Cost, normal purchase price | Total Checkouts | Full call number | Barcode | Date last seen | Price effective from | Koha item type |
|---|---|---|---|---|---|---|---|---|---|---|---|---|---|---|---|
| MSW | St Aloysius PG Library | St Aloysius PG Library | 07/16/2002 | Gangarams Book Bureau | 125.00 | 331 SARA | PG019562 | 08/24/2022 | 04/26/2021 | Book | |||||
| MSW | St Aloysius PG Library | St Aloysius PG Library | 08/30/2003 | Book World | 150.00 | 331 SARA | PG020424 | 08/24/2022 | 04/26/2021 | Book |